01052nam a2200217 i 4500001000300000245025400003260003200257300002800289500012600317504002400443650004400467650003200511650002600543655002900569710005600598040000800654041001100662080002200673008004100695856009800736bg00aProblemy zarządzania strategicznego przedsiębiorstw i ekorozwoju w warunkach gospodarki rynkowej :bXI Międzynarodowa Konferencja Naukowa, Lublin 8 maj 2003/Zakopane 18-20 wrzesień 2003 /cPolitechnika Lubelska. Koło Naukowe Menedżerów. aLublin :bWydaw. PL,c2003. a139 s. :bil. ;c24 cm. aOpis wg okł. Na s. tyt. tematy konkursowe: "Wiedza i technika", "Ile wiedzy ile umiejętności". Tekst częśc. ukr. aBibliogr. przy ref. 9aZarządzanie strategicznexzagadnienia 9aMenedżerowiexzagadnienia 9aTechnikaxzagadnienia aMateriały konferencyjne0 aPolitechnika LubelskabKoło Naukowe Menedżerów cBPKw apolukr a65.012.4:62](061) s pl f |000 0 pol  uhttp://koha.tu.koszalin.pl/cgi-bin/koha/opac-detail.pl?biblionumber=43746yKatalog online BPK